| 000 | 00533nam a2200217 a 4500 | ||
|---|---|---|---|
| 999 |
_c6685 _d6685 |
||
| 001 | 6685 | ||
| 003 | BD-JhCC | ||
| 005 | 20180128105626.0 | ||
| 008 | 180128s1976 Chi |||| || | 000 0 eng d | ||
| 035 | _a(BD-JhCC)6685 | ||
| 040 |
_aBD-JhCC _dBD-JhCC |
||
| 041 | _aeng | ||
| 082 |
_a895.115 _bMAO 1976 |
||
| 245 |
_aPoems / _cMao Tsetung |
||
| 260 |
_aChina : _bForeigen Languages Press _c1976 |
||
| 300 |
_a55 p. : _c22 cm. |
||
| 600 |
_aMao Zedong _d1893 - 1976 |
||
| 650 | _aChinese Poetry | ||
| 942 |
_2ddc _cBK |
||